[Event "Finland Team Cup 2013"]
[Site "Helsinki FIN"]
[Date "2013.04.27"]
[Round "2"]
[White "Veteläinen, Tomi"]
[Black "Piippo, Mikko"]
[Result "1-0"]
[Board "3"]
[WhiteTeam "Shakkiseura Remissi"]
[BlackTeam "Lauttasaaren Shakkikerho"]
[WhiteElo "2082"]
[BlackElo "1816"]

1.e4 d5 2.exd5 Qxd5 3.Nf3 Nf6 4.d4 Bf5 5.c4 Qe4+ 6.Be2 Qc2 7.Qxc2 Bxc2
8.Bf4 c6 9.Nc3 Nbd7 10.O-O e6 11.a3 Be7 12.Rac1 Bg6 13.Rfd1 O-O 14.d5
exd5 15.cxd5 c5 16.d6 Bd8 17.Nd2 Bh5 18.f3 a6 19.Nde4 Re8 20.Kf2 Bg6
21.Nxf6+ Bxf6 22.Rd2 Bd4+ 23.Kf1 b6 24.Nd5 Be5 25.Bxe5 Rxe5 26.Nc7 Rd8
27.Bxa6 Bf5 28.Re1 Rxe1+ 29.Kxe1 Nb8 30.Bb5 Bd7 31.Kd1 Bxb5 32.Nxb5
Nd7 33.Re2 Kf8 34.Kd2 Re8 35.Rxe8+ Kxe8 36.Nc7+ Kd8 37.f4 Nf6 38.Kd3
Kd7 39.Nb5 Ne8 40.Kc4 Nxd6+ 41.Nxd6 Kxd6 42.Kb5 Kc7 43.g4 f6 44.h4 g6
45.a4 h5 46.g5 fxg5 47.fxg5 Kb7 48.a5 bxa5 49.Kxc5 1-0

[Event "Finland Team Cup 2013"]
[Site "Helsinki FIN"]
[Date "2013.04.27"]
[Round "2"]
[White "Varjokallio, Matti"]
[Black "Eklund, Kari"]
[Result "0-1"]
[Board "4"]
[WhiteTeam "Lauttasaaren Shakkikerho"]
[BlackTeam "Shakkiseura Remissi"]
[WhiteElo "1772"]
[BlackElo "2081"]

1.e4 c5 2.Nf3 d6 3.d4 cxd4 4.Nxd4 Nf6 5.Nc3 a6 6.Be3 e5 7.Nf3 Be7
8.Be2 O-O 9.h3 Qc7 10.O-O Be6 11.Nd2 d5 12.Nxd5 Nxd5 13.exd5 Bxd5
14.c4 Bc6 15.c5 Nd7 16.Rc1 Rad8 17.b4 Nf6 18.Qe1 Nd5 19.Nc4 f5 20.Nb6
f4 21.Nxd5 Bxd5 22.Bd2 f3 23.Bc4 fxg2 24.Bxd5+ Rxd5 25.Kxg2 Qc6 26.Kh2
Qd7 27.Be3 Rf3 28.Rh1 Rxh3+ 0-1

[Event "Finland Team Cup 2013"]
[Site "Helsinki FIN"]
[Date "2013.04.27"]
[Round "2"]
[White "Kahri, Antti"]
[Black "Turtiainen, Kimmo"]
[Result "0-1"]
[Board "5"]
[WhiteTeam "Shakkiseura Remissi"]
[BlackTeam "Lauttasaaren Shakkikerho"]
[WhiteElo "2059"]
[BlackElo "1800"]

1.e4 e5 2.f4 d5 3.exd5 exf4 4.Nf3 Bd6 5.Nc3 Ne7 6.b3 O-O 7.Bc4 Bg4
8.O-O Ng6 9.Qe1 c6 10.a4 cxd5 11.Bxd5 Re8 12.Qf2 Qc8 13.Nb5 Bf8 14.Ba3
a6 15.Bxf8 axb5 16.Bb4 Qd7 17.Qd4 Bxf3 18.Rxf3?? Nc6 19.Qc5 Nxb4
20.Bxf7+ Kxf7 21.Qxb4 Re5 22.g3 Qc6 23.Raf1 Qb6+ 24.Kh1 Kg8 25.gxf4
Rf5 26.axb5 Rxb5 27.Qe4 Rd8 28.f5 Ne5 29.R3f2 Rd4 30.Qe2 Qc6+ 31.Kg1
Rbb4 32.Rg2 Re4 33.Qh5 Rh4 34.Qg5 Qb6+ 35.Kh1 Rhg4 36.Qe7 Qc6 37.Qe6+
Kf8 38.Qxc6 bxc6 39.Re2 Rbe4 40.Re3 Ke7 41.Rxe4 Rxe4 42.Kg2 Kf6 43.h3
Re2+ 44.Rf2 Rxf2+ 45.Kxf2 Kxf5 46.Ke3 g5 47.d4 Nd7 48.c4 h5 49.b4 Ke6
50.Ke4 Nf6+ 51.Kf3 g4+ 52.hxg4 hxg4+ 53.Kf4 Kd6 54.Kg3 Kd7 55.Kf4 Ke7
56.Ke3 Kd7 57.Kd3 g3 58.Ke3 Ke6?? (58...Ne4 {-+}) 59.Kf3 Ne4 60.Kg2??
(60.b5 {=}) Kf5 61.Kg1 Nc3 62.Kg2 Kf4 63.d5 cxd5 64.b5 Na4 65.cxd5 Nb6
66.d6 Kg4 67.Kg1 Kf3 68.Kf1 g2+ 69.Kg1 Nd7 0-1

[Event "Finland Team Cup 2013"]
[Site "Helsinki FIN"]
[Date "2013.04.27"]
[Round "2"]
[White "Heimonen, Arto"]
[Black "Tumanov, Dmitri"]
[Result "1-0"]
[Board "6"]
[WhiteTeam "Lauttasaaren Shakkikerho"]
[BlackTeam "Shakkiseura Remissi"]
[WhiteElo "1695"]
[BlackElo "1990"]

1.e4 c5 2.Nf3 Nf6 3.Nc3 d5 4.exd5 a6 5.Be2 Nxd5 6.O-O Nc6 7.d4 g6
8.Nxd5 Qxd5 9.c4 Qd6 10.d5 Ne5 11.Nxe5 Qxe5 12.Re1 Qd6 13.Bg5 h6
14.Bh4 f5 15.f3 Bg7 16.Bd3 Bd4+ 17.Bf2 Bxf2+ 18.Kxf2 Qxh2 19.Qa4+ Kf7
20.Qa5 Qd6 21.Qc3 Bd7 22.Re2 Qf6 23.Qd2 Rae8 24.Rh1 h5 25.Ke1 e5
26.Kd1 h4 27.Rhe1 f4 28.Be4 b5 29.Qc2 bxc4 30.Qxc4 Qd6 31.Rc2 Rc8
32.a4 Bf5 33.b3 Rhd8 34.Rd2 Rb8 35.Rh1 Rb4 36.Qc2 Bxe4 37.fxe4 g5
(37...c4 {-+}) 38.Rh3 Rc8 39.Rc3 g4 40.Rf2 Rd4+ 41.Kc1 Kg6?? 42.Rxf4
c4?? 43.Rxg4+ Kh5 44.Qe2 Qh6+ 45.Rf4+ Kg6 46.Qg4+ Kh7 47.Qf5+ Kg7
48.Qxe5+ Kh7 49.Qf5+ Kg7 50.Qg4+ Kh7 51.Qd7+ Kg6 52.Qf7+ 1-0

[Event "Finland Team Cup 2013"]
[Site "Helsinki FIN"]
[Date "2013.05.25"]
[Round "3"]
[White "Elg, Marko"]
[Black "Kauppala, Pekka"]
[Result "0-1"]
[Board "1"]
[WhiteTeam "Hakumatti -93"]
[BlackTeam "Lauttasaaren Shakkikerho"]
[WhiteElo "1947"]
[BlackElo "2086"]

1.Nf3 d5 2.c4 dxc4 3.e3 Be6 4.Na3 Nf6 5.Nxc4 Nc6 6.d4 Qd5 7.Be2 g5
8.O-O h5 9.Nfe5 g4 10.Nxc6 Qxc6 11.Ne5 Qd6 12.Qa4+ Nd7 13.Bd2 c6
14.Bb4 Qc7 15.Ba5 Qd6 16.Nxd7 Bxd7 17.Qb3 b6 18.Bb4 Qc7 19.d5 c5
20.Bc3 Rg8 21.Bc4 Qd6 22.e4 f6 23.Rae1 Bg7 24.Re3 h4 25.e5 (25.Rfe1)
fxe5 26.Rfe1 O-O-O 27.Rxe5 g3 28.fxg3 hxg3 29.hxg3 Bf6 30.Rxe7 Rxg3
31.Bxf6 (31.R1e6 Rxg2+! {=/+}) Rxb3 32.Ba6+? (32.Be5) Kc7 33.Be5 Rxb2
34.Bxd6+ (34.Bxb2! Qxd5 35.Be5+ Kc6 36.a4 c4 37.Bc3 {=/+}) Kxd6 35.a4?
Rg8 36.Bf1 c4 37.R7e2 Rxe2 38.Bxe2 c3 39.Bd1 Rc8 40.Bb3 c2 41.Rc1 Rc3
42.Ba2 Bxa4 43.Kf2 Rd3 0-1

[Event "Finland Team Cup 2013"]
[Site "Helsinki FIN"]
[Date "2013.05.25"]
[Round "3"]
[White "Heikkinen, Jyrki"]
[Black "Riipinen, Juha"]
[Result "1/2-1/2"]
[Board "2"]
[WhiteTeam "Lauttasaaren Shakkikerho"]
[BlackTeam "Hakumatti -93"]
[WhiteElo "2054"]
[BlackElo "1960"]

1.d4 Nf6 2.Nc3 d5 3.e4 e6 4.e5 Nfd7 5.f4 c5 6.Nf3 Nc6 7.Be3 a6 8.Qd2
b5 9.Be2 cxd4 10.Nxd4 Nxd4 11.Bxd4 Bc5 12.Bxc5 Nxc5 13.a3 (13.b4) Bb7
14.Qd4 Ne4 15.Nxe4 dxe4 16.Qxd8+ Rxd8 17.Rd1 Ke7 18.Rxd8 Rxd8 19.Kf2
f5 20.exf6+ gxf6 21.Ke3 Rc8 22.c3 Bd5 23.Re1 f5 24.Bd1 Bc4 25.Bc2
1/2-1/2

[Event "Finland Team Cup 2013"]
[Site "Helsinki FIN"]
[Date "2013.05.25"]
[Round "3"]
[White "Toropainen, Jarkko"]
[Black "Piippo, Mikko"]
[Result "1-0"]
[Board "3"]
[WhiteTeam "Hakumatti -93"]
[BlackTeam "Lauttasaaren Shakkikerho"]
[WhiteElo "1812"]
[BlackElo "1816"]

1.Nf3 d5 2.d4 Nf6 3.g3 c6 4.Bg2 Bf5 5.O-O e6 6.Nbd2 Bd6 7.c4 h6 8.Re1
O-O 9.Qb3 Qb6 10.c5 Qxb3 11.axb3 Bc7 12.b4 Bc2 13.b3 Na6? (13...Nbd7)
14.Ba3? (14.b5 Nb4 (14...cxb5 15.c6) 15.Ra4 {+/-}) Rfe8 15.Rec1 Bh7
16.e3 Nd7 17.Bf1 Nab8 18.b5 e5 19.dxe5 Nxe5 20.Bb2 Nd3?? 21.Bxd3 Bxd3
22.b6 Bd8 23.Rxa7 1-0

[Event "Finland Team Cup 2013"]
[Site "Helsinki FIN"]
[Date "2013.05.25"]
[Round "3"]
[White "Turtiainen, Kimmo"]
[Black "Virkamäki, Pekka"]
[Result "1/2-1/2"]
[Board "4"]
[WhiteTeam "Lauttasaaren Shakkikerho"]
[BlackTeam "Hakumatti -93"]
[WhiteElo "1800"]
[BlackElo "1891"]

1.e4 e6 2.d4 d5 3.exd5 exd5 4.Nf3 Nf6 5.h3 Be7 6.Bd3 c6 7.Be3 Nbd7
8.c3 b6 9.O-O O-O 10.Nbd2 Bb7 11.Re1 Bd6 12.Bg5 Qc7 13.Nf1 Rfe8 14.Qc2
c5 15.Bh4 Ne4 16.Ng5 f5 17.Qd1 h6 18.Nxe4 dxe4 (18...fxe4) 19.Bc4+ Kh8
20.Rc1 Rf8 21.Qh5 f4 22.Be6 Nf6 23.Bxf6 Rxf6 24.d5 e3 25.fxe3 fxe3
26.Nxe3 Bh2+ 27.Kh1 Bg3 28.Ng4 Bxe1 29.Rxe1? (29.Nxf6 {+/-}) Rff8?
(29...Qg3 {=}) 30.Ne5 Rf6 31.Nf7+ (31.c4) Kh7 32.Ng5+ Kh8 33.Nf7+ Kh7
34.Ng5+ Kh8 35.Nf7+ 1/2-1/2

[Event "Finland Team Cup 2013"]
[Site "Helsinki FIN"]
[Date "2013.05.25"]
[Round "3"]
[White "Laitinen, Jarmo"]
[Black "Siikonen, Timo"]
[Result "0-1"]
[Board "5"]
[WhiteTeam "Hakumatti -93"]
[BlackTeam "Lauttasaaren Shakkikerho"]
[WhiteElo "1766"]
[BlackElo "1781"]

1.c4 f5 2.Nc3 e6 3.Nf3 Nf6 4.d4 d5 5.c5 c6 6.Ne5 Nbd7 7.f4 Ne4 8.Nxe4
fxe4 9.e3 Nxe5 10.fxe5 Qg5 11.b4 Be7 12.g3 O-O 13.Bg2 Bd7 14.Qe2 Be8
15.Bh3 Qh6 16.Bg4 Bh4 17.Rf1 Rxf1+ 18.Kxf1 Bxg3 19.Bxe6+ Qxe6 20.hxg3
Qh3+ 21.Qg2 Qg4 22.Bd2 Bh5 23.Kg1 Rf8 24.Rf1 Rxf1+ 25.Kxf1 Qd1+ 26.Be1
Qd3+ 27.Kg1 Qxe3+ 28.Qf2 Qxf2+ 29.Kxf2 Kf7 30.a4 Bd1 31.a5 Bg4 32.Bd2
h6 33.Be3 g5 34.Ke1 Kg6 35.Kd2 h5 36.Bf2 Be6 37.Ke3 Kf5 38.Ke2 Kg4
39.Kf1 Kf3 40.Be1 Bh3+ 41.Kg1 Ke2 42.Bc3 e3 43.Kh2 Be6 44.b5 cxb5
45.a6 bxa6 46.c6 Kf2 47.c7 e2 48.Bd2 e1=Q 49.Bxe1+ Kxe1 50.g4 hxg4
51.Kg3 b4 0-1

[Event "Finland Team Cup 2013"]
[Site "Helsinki FIN"]
[Date "2013.05.25"]
[Round "3"]
[White "Heimonen, Arto"]
[Black "Virkamäki, Lauri"]
[Result "0-1"]
[Board "6"]
[WhiteTeam "Lauttasaaren Shakkikerho"]
[BlackTeam "Hakumatti -93"]
[WhiteElo "1695"]
[BlackElo "1883"]

1.e4 d6 2.d4 g6 3.Nc3 Bg7 4.Be3 Nf6 5.f3 Nbd7 6.Qd2 e5 7.d5 O-O 8.Bh6
Nh5 9.O-O-O a6 10.g4 Nf4 11.Bxg7 Kxg7 12.Nge2 Nxe2+ 13.Bxe2 h6 14.h4
b5 15.Rdf1 b4 16.Nd1 a5 17.f4 exf4 18.Qxf4 Ne5 19.Ne3 Ba6 20.Bxa6 Rxa6
21.Nf5+? gxf5 22.gxf5 (22.exf5) Qf6 23.Rhg1+ Kh7 24.Rg2 Raa8 25.Rfg1
Rg8 26.Rg5 Nc4 27.e5 Qxe5 28.Qxc4 Rxg5 29.Rf1 Qe3+ 30.Kb1 Rg1 31.f6
Qe1+ 0-1

[Event "Finland Team Cup 2013"]
[Site "Helsinki FIN"]
[Date "2013.08.10"]
[Round "4"]
[White "Kauppala, Pekka"]
[Black "Kokkila, Tero"]
[Result "1/2-1/2"]
[Board "1"]
[WhiteTeam "Lauttasaaren Shakkikerho"]
[BlackTeam "Etelä-Vantaan Shakki"]
[WhiteElo "2092"]
[BlackElo "2319"]
[BlackTitle "FM"]

1.e4 c5 2.Nf3 Nc6 3.Bb5 e6 4.O-O Nge7 5.Re1 a6 6.Bf1 g6 7.c3 d5 8.exd5
Qxd5 9.d4 Bg7 10.c4 Qd6 11.dxc5 Qxc5 12.Nc3 O-O 13.Ne4 Qb6 14.c5 Qc7 15.Qd6 Qxd6 16.Nxd6 Nb4 17.Re4 Nbd5 18.Ne5 f5 19.Re2 f4 20.Bd2 Nf5 21.Rc1
Nxd6 22.cxd6 Rd8 23.d7 Bxd7 24.Nxd7 Rxd7 25.Rxe6 Bxb2 26.Rc2 Kf7 27.Re4
Bf6 28.Bxf4 Nxf4 29.Rxf4 Re8 30.g3 Ree7 31.Kg2 Rc7 32.Rxc7 Rxc7 33.Bc4+
Kg7 34.a4 Rc5 35.Bf1 Bc3 36.Bc4 b5 37.axb5 axb5 38.Rf7+ Kh6 39.Bb3 Be5
40.h4 Rc3 41.Be6 Rc7 42.Bd7 b4 43.g4 g5 44.hxg5+ Kg6 45.Re7 Bf4 46.Kf3
Bh2 47.Bf5+ Kxg5 48.Rxh7 Rxh7 49.Bxh7 b3 50.Bf5 b2 51.Kg2 Bc7 52.f3 Bb8
53.Kf2 Bc7 54.Bb1 1/2-1/2

[Event "Finland Team Cup 2013"]
[Site "Helsinki FIN"]
[Date "2013.08.10"]
[Round "4"]
[White "Salo, Heikki"]
[Black "Heikkinen, Jyrki"]
[Result "1/2-1/2"]
[Board "2"]
[WhiteTeam "Etelä-Vantaan Shakki"]
[BlackTeam "Lauttasaaren Shakkikerho"]
[WhiteElo "2270"]
[BlackElo "2052"]
[WhiteTitle "FM"]

1.d4 Nf6 2.Nf3 g6 3.c4 Bg7 4.Nc3 d5 5.cxd5 Nxd5 6.Qb3 Nb6 7.Bg5 O-O
8.Rd1 N8d7 9.e4 Nf6 10.h3 c6 11.Be2 Be6 12.Qc2 Rc8 13.Qc1 Qc7 14.b3
Rfd8 15.Bf4 Qd7 16.Ne5 Qe8 17.O-O Nfd7 18.Nf3 f6 19.Qe3 Nf8 20.Rfe1
Kh8 21.Bf1 g5 22.Bg3 Qg6 23.Nh2 Bd7 24.a4 h5 25.f4 Bh6? (25...gxf4
26.Bxf4 Ne6) 26.f5 Qh7 27.a5 h4 28.axb6 hxg3 29.Qxg3 axb6 30.Ng4 Bg7
31.Bd3 Be8 32.Bc2 Qg8 33.e5 Bf7 34.Ne4 Nh7 35.e6 Bh5 36.Nc3 Rd6 37.Na4
Qd8 38.Qe3 Ra8 39.Rd3 Ra5 40.Qe4 Be8 41.Ne3 b5 42.Nc5 Ra7 43.b4 b6
44.Nb3 Ra4 45.Ra1? (45.d5 {+/-}) Rxb4 46.Ra7? Ra4 47.Rxa4 bxa4 48.Nd2 b5
49.Nf3 Qa5 50.h4 Bh6 (50...a3) 51.Ng4 Bg7 52.hxg5 a3 53.Bb3 fxg5
54.Nfe5 a2 55.Bxa2 Qxa2 56.f6 Qb1+ 57.Kh2 exf6 58.Nf7+ Bxf7 59.exf7
Qf1 (59...Re6) 60.Rf3 Qc1 61.Qe8+ Bf8 62.Nxf6 Rxd4 (62...g4 63.Nxg4
Qg5 64.Rh3 Qg7) 63.Nxh7 Rh4+ 64.Rh3 Qf4+ 65.Kg1 Qc1+ (65...Qd4+ 66.Kh1
(66.Kf1 Qc4+) Qd1+ 67.Kh2 Qd6+ 68.Kg1 Qc5+ {-+}) 66.Kh2 Qf4+ 1/2-1/2

[Event "Finland Team Cup 2013"]
[Site "Helsinki FIN"]
[Date "2013.08.10"]
[Round "4"]
[White "Ertbjerg, Per"]
[Black "Tommiska, Matti"]
[Result "0-1"]
[Board "3"]
[WhiteTeam "Lauttasaaren Shakkikerho"]
[BlackTeam "Etelä-Vantaan Shakki"]
[WhiteElo "2034"]
[BlackElo "2241"]

1.d4 Nf6 2.c4 g6 3.Nc3 Bg7 4.e4 d6 5.Bg5 O-O 6.f4 c5 7.d5 Qa5 8.Qd2 b5
9.cxb5 a6 10.a4 h6 11.Bh4 Qb4 12.Bd3 c4 13.Bc2 Qxb2 14.Rb1 Qa3 15.Nge2
Bg4 16.Nd4 e5 17.fxe5 Nfd7 18.O-O Nxe5 19.Bf2 Nbd7 20.h3 Bh5 21.Ra1 Qb4
22.Rfb1 Qa5 23.Be3 Nc5 24.Kh1 Rab8 25.Ra3 Rfc8 26.Bxh6 Nb3 27.Bxb3 Bxh6
28.Qxh6 Qxc3 29.Nf5 gxf5 30.Qxh5 cxb3 31.Raxb3 Qd2 32.Rg3+ Kf8 33.Qxf5
Qh6 34.b6 Rc1+ 35.Rxc1 Qxc1+ 36.Kh2 Rxb6 37.Qf6 Qc7 38.Qh8+ Ke7 39.Rg8
Rb2 40.Rc8 Qb6 41.Qf8+ Kf6 42.Qh8+ Kg5 43.Rg8+ Kf4 44.Qh4+ Ke3 45.Qe1+
Kd4 46.Rg3 Qb4 47.Qe3+ Kc4 48.Rg8 Qd2 49.Rc8+ Kb4 50.Qb6+ Ka3 51.Qxd6+
Ka2 52.Kg3 Qg5+ 0-1

[Event "Finland Team Cup 2013"]
[Site "Helsinki FIN"]
[Date "2013.08.10"]
[Round "4"]
[White "Anttila, Perttu"]
[Black "Piippo, Mikko"]
[Result "1-0"]
[Board "4"]
[WhiteTeam "Etelä-Vantaan Shakki"]
[BlackTeam "Lauttasaaren Shakkikerho"]
[WhiteElo "2135"]
[BlackElo "1798"]

1.e4 d5 2.exd5 Qxd5 3.Nc3 Qd6 4.Bc4 Nf6 5.Nge2 Bg4 6.d4 Bxe2 7.Qxe2 c6
8.Be3 e6 9.O-O-O Be7 10.g4 b5 11.g5 Nfd7 12.Bd3 Nb6 13.Qf3 b4 14.Ne4
Qd5 15.Kb1 N8d7 16.Qg3 Nc4 17.Bc1 a5 18.f4 a4 19.Qf2 b3 20.Nc3 Na3
21.bxa3 bxa2 22.Ka1 Qa5 23.Nxa2 Rb8 24.Bd2 1-0

[Event "Finland Team Cup 2013"]
[Site "Helsinki FIN"]
[Date "2013.08.10"]
[Round "4"]
[White "Varjokallio, Matti"]
[Black "Vihinen, Teemu"]
[Result "0-1"]
[Board "5"]
[WhiteTeam "Lauttasaaren Shakkikerho"]
[BlackTeam "Etelä-Vantaan Shakki"]
[WhiteElo "1643"]
[BlackElo "2148"]

1.e4 e6 2.d4 d5 3.Nd2 a6 4.g3 c5 5.dxc5 Nf6 6.e5 Nfd7 7.Ngf3 Nc6 8.Nb3
Ncxe5 9.Nxe5 Nxe5 10.Be3 Bd7 11.Nd2 Bc6 12.Bd4 Nd7 13.b4 e5 14.Bb2 d4
15.Nf3 b6 16.a4 bxc5 17.b5 axb5 18.axb5 Rxa1 19.Bxa1 Qa5+ 20.c3 Bxf3
21.Qxf3 Qxa1+ 22.Ke2 Qb2+ 23.Kd1 Qb3+ 24.Kd2 Qxc3+ 25.Qxc3 dxc3+
26.Kxc3 Nb6 27.Bg2 Bd6 28.Ra1 O-O 29.Ra6 Rb8 30.Bc6 c4 31.Ra7 Bc5
32.Ra2 Bd4+ 33.Kb4 Rd8 34.f3 Be3 35.Kc3 Rd3+ 36.Kb4 Rb3+ 37.Ka5 c3
38.Rc2 Bd4 39.Re2 f5 40.f4 Rb2 0-1

[Event "Finland Team Cup 2013"]
[Site "Helsinki FIN"]
[Date "2013.08.10"]
[Round "4"]
[White "Hallenberg, Sami"]
[Black "Turtiainen, Kimmo"]
[Result "1-0"]
[Board "6"]
[WhiteTeam "Etelä-Vantaan Shakki"]
[BlackTeam "Lauttasaaren Shakkikerho"]
[WhiteElo "2132"]
[BlackElo "1804"]

1.e4 e5 2.Nc3 Nf6 3.Bc4 Bc5 4.d3 c6!? 5.Qf3 b5 6.Bb3 h6 7.Qg3 Qe7
8.Nf3 d6 9.O-O g5 10.h3 Nh5 11.Qh2 a5 12.a4 b4 13.Ne2 Nf4 14.Nxf4 gxf4
15.d4 Bb6? (15...Ba7) 16.dxe5 dxe5 17.Nxe5 Qxe5 18.Bxf4 Qg7 19.Be5 f6
20.Bxb8 c5 21.Rfe1 Qb7 22.Bd6 Bd7 23.e5 O-O-O 24.e6 Bc6 25.e7 Rdg8
26.Re4 Kd7 27.Be6+ Ke8 28.Rg4 Rg5 29.Qf4 f5 30.Rxg5 hxg5 31.Qxf5 1-0

[Event "Finland Team Cup 2013"]
[Site "Helsinki FIN"]
[Date "2013.08.10"]
[Round "4"]
[White "Heimonen, Arto"]
[Black "Taylor, Daryl"]
[Result "1/2-1/2"]
[Board "7"]
[WhiteTeam "Lauttasaaren Shakkikerho"]
[BlackTeam "Etelä-Vantaan Shakki"]
[WhiteElo "1685"]
[BlackElo "2012"]

1.e4 e5 2.Nf3 Nc6 3.Bb5 a6 4.Ba4 Nf6 5.O-O Be7 6.Re1 b5 7.Bb3 d6 8.h3
O-O 9.c3 Nb8 10.d4 Nbd7 11.Nbd2 Bb7 12.Bc2 Re8 13.Nf1 Bf8 14.Ng3 g6
15.Bb3 c5 16.Ng5 c4 17.Bc2 d5 18.exd5 exd4 19.Rxe8 Qxe8 20.cxd4 Bxd5
1/2-1/2

[Event "Finland Team Cup 2013"]
[Site "Helsinki FIN"]
[Date "2013.08.10"]
[Round "4"]
[White "Männistö, Eero"]
[Black "Paasonen, Pasi"]
[Result "1-0"]
[Board "8"]
[WhiteTeam "Etelä-Vantaan Shakki"]
[BlackTeam "Lauttasaaren Shakkikerho"]
[WhiteElo "1988"]
[BlackElo "1224"]

1.e4 c5 2.Nf3 d6 3.d4 cxd4 4.Nxd4 Nf6 5.Nc3 Nc6 6.Bc4 g6 7.Be3 Bg7
8.f3 Bd7 9.Qd2 a6 10.O-O-O O-O 11.Bb3 Kh8 12.Bh6 Rc8 13.Bxg7+ Kxg7
14.g4 Qc7 15.h4 Ne5 16.h5 Rh8 17.h6+ Kf8 18.g5 Ne8 19.Qf4 e6??
20.Nxe6+ Bxe6 21.Bxe6 Ke7? 22.Nd5+ 1-0

[Event "Finland Team Cup 2014"]
[Site "Järvenpää FIN"]
[Date "2014.04.12"]
[Round "2"]
[White "Kauppala, Pekka"]
[Black "Asomäki, Pekka"]
[Result "1-0"]
[Board "1"]
[WhiteTeam "Lauttasaaren Shakkikerho"]
[BlackTeam "Järvenpään Shakkikerho"]
[WhiteElo "2137"]
[BlackElo "2133"]

1.e4 e5 2.Bc4 Nf6 3.d4 exd4 4.Nf3 Nc6 5.e5 d5 6.Bb5 Ne4 7.Nxd4 Bc5
8.Be3 Bd7 9.Bxc6 bxc6 10.Nd2 Nxd2 11.Qxd2 Qe7 12.Nb3 Bb6 13.Qc3 O-O
14.Bc5 Bxc5 15.Nxc5 Bf5 16.O-O Rab8 17.b4 Rfe8 18.Rfe1 Qh4 19.a3 d4
20.Qc4 Be6 21.Qd3 Bd5 22.Rad1 Rbd8 23.Qg3 Qxg3 24.hxg3 f6 25.exf6 gxf6
26.Rxe8+ Rxe8 27.Rxd4 Re1+ 28.Kh2 Rc1 29.Nd7 Kf7 30.Rf4 Rxc2 31.Nxf6
Kg6 32.g4 Ra2 33.Nh5 h6 34.Rd4 Rxf2 35.Nf4+ Kf6 36.Nxd5+ Ke5 37.Rf4
Rxf4 38.Nxf4 Kxf4 39.Kh3 Kg5 40.Kg3 Kf6 41.Kf4 Kg6 42.Kg3 Kg7 43.Kh4
Kg6 44.a4 c5 45.bxc5 c6 46.Kg3 Kg7 47.Kf4 Kf6 48.a5 a6 49.g3 1-0

[Event "Finland Team Cup 2014"]
[Site "Järvenpää FIN"]
[Date "2014.04.12"]
[Round "2"]
[White "Vuori, Sami"]
[Black "Vesely, Petr"]
[Result "1/2-1/2"]
[Board "2"]
[WhiteTeam "Järvenpään Shakkikerho"]
[BlackTeam "Lauttasaaren Shakkikerho"]
[WhiteElo "1914"]
[BlackElo "1989"]

1.e4 d5 2.exd5 Nf6 3.d4 Nxd5 4.c4 Nb6 5.Nc3 c6 6.Be3 g6 7.Rc1 Bg7 8.b3
O-O 9.Nf3 Bg4 10.Be2 N8d7 11.O-O Nf6 12.Qd2 Bxf3 13.Bxf3 e6 14.Rfd1
Rc8 15.Bg5 Qd7 16.h4 h5 17.Qf4 Nh7 18.Bh6 Qe7 19.Bxg7 Kxg7 20.Qe5+ Kg8
21.d5 Nd7 22.Qe3 Nb6 23.dxe6 Qxe6 24.Qxe6 fxe6 25.Rd6 Rfe8 26.Ne4 Rc7
27.Rcd1 Kg7 28.g4 hxg4 29.Bxg4 Nf6 30.Nxf6 Kxf6 31.Kg2 Ree7 32.Kg3
Rcd7 33.f4 Rxd6 34.Rxd6 Nc8 35.Rd8 Nb6 36.Rf8+ Rf7 37.Re8 Re7 38.Rf8+
Rf7 1/2-1/2

[Event "Finland Team Cup 2014"]
[Site "Järvenpää FIN"]
[Date "2014.04.12"]
[Round "2"]
[White "Lindholm, Arto"]
[Black "Krook, Pasi"]
[Result "1/2-1/2"]
[Board "3"]
[WhiteTeam "Lauttasaaren Shakkikerho"]
[BlackTeam "Järvenpään Shakkikerho"]
[WhiteElo "1977"]
[BlackElo "1926"]

1.d4 Nf6 2.Bf4 c5 3.c3 e6 4.e3 Be7 5.Bd3 d5 6.Nd2 Qb6 7.Qb1 Nc6 8.Ngf3
Bd7 9.h3 h6 10.O-O O-O 11.Ne5 cxd4 12.exd4 Be8 13.Ndf3 a5 14.b3 Nxe5
15.dxe5 Nd7 16.Rc1 Bc5 17.Qb2 f6 18.Re1 Bh5 19.Nd4 a4 20.Rab1 a3
1/2-1/2

[Event "Finland Team Cup 2014"]
[Site "Järvenpää FIN"]
[Date "2014.04.12"]
[Round "2"]
[White "Turunen, Rauno"]
[Black "Lehtinen, Tero"]
[Result "1-0"]
[Board "4"]
[WhiteTeam "Järvenpään Shakkikerho"]
[BlackTeam "Lauttasaaren Shakkikerho"]
[WhiteElo "1861"]
[BlackElo "1918"]

1.c4 d6 2.d4 e5 3.dxe5 dxe5 4.Qxd8+ Kxd8 5.Nf3 f6 6.Nc3 c6 7.e3 Be6
8.Be2 Nd7 9.O-O Nh6 10.Rd1 Kc7 11.b3 g5 12.e4 Nf7 13.a3 h5 14.b4 h4
15.Nd2 g4 16.Nf1 Bh6 17.Rb1 Ng5 18.Bxg5 Bxg5 19.c5 Rh7 20.Rd6 Re8
21.Na4 f5 22.Rxe6 Rxe6 23.exf5 Ree7 24.b5 cxb5 25.Rxb5 Nf6 26.Ne3 Bxe3
27.fxe3 e4 28.Rb2 g3 29.Nc3 a6 30.Rb6 Nd7 31.Nd5+ Kb8 32.Nxe7 Nxb6
33.f6 Nd7 34.Nd5 Ne5 35.Nc3 Kc7 36.Nxe4 Kd7 37.hxg3 hxg3 38.Nxg3 Ke6
39.Ne4 Rh4 40.Bf3 Nxf3+ 41.gxf3 Rh5 42.f4 Rd5 43.Kf2 Rd1 44.a4 Ra1
45.Kf3 Ra3 46.f5+ Kf7 47.Kf4 Rxa4 48.Ke5 Rxe4+ 49.Kxe4 Kxf6 50.Kd5
Kxf5 51.e4+ Kf6 52.Kd6 a5 53.e5+ Kf7 54.Kd7 a4 55.e6+ Kf6 56.e7 1-0

[Event "Finland Team Cup 2014"]
[Site "Järvenpää FIN"]
[Date "2014.04.12"]
[Round "2"]
[White "Joutsivuo, Timo"]
[Black "Harju, Antero"]
[Result "1-0"]
[Board "5"]
[WhiteTeam "Lauttasaaren Shakkikerho"]
[BlackTeam "Järvenpään Shakkikerho"]
[WhiteElo "1870"]
[BlackElo "1856"]

1.d4 f5 2.c4 Nf6 3.Nc3 e6 4.Nf3 Be7 5.g3 d6 6.Bg2 O-O 7.O-O Ne4 8.Qc2
d5 9.cxd5 exd5 10.Ne5 c6 11.f3 Ng5 12.e3 Nd7 13.Nd3 Ne6 14.Ne2 Bd6
15.Bd2 Qe8 16.Rae1 g5 17.e4 dxe4 18.fxe4 fxe4 19.Bxe4 Rxf1+ 20.Kxf1
Qf7+ 21.Kg1 Nf6 22.Rf1 Qg7 23.Bg2 Ng4 24.Qc4 Kh8 25.d5 cxd5 26.Qxd5
Qc7 27.Bc3+ Kg8 28.Qf3 h5 29.h3 Ne5 30.Qf6 Nf7 31.Bd5 Bf8 32.Bxe6 Qb6+
33.Nd4 Bxe6 34.Qxe6 Qxe6 35.Nxe6 Bd6 36.Kg2 Re8 37.Rf6 Re7 38.Rg6+ Kh7
39.Nf8# 1-0

[Event "Finland Team Cup 2014"]
[Site "Järvenpää FIN"]
[Date "2014.04.12"]
[Round "2"]
[White "Bomb, Timo"]
[Black "Piippo, Mikko"]
[Result "1-0"]
[Board "6"]
[WhiteTeam "Järvenpään Shakkikerho"]
[BlackTeam "Lauttasaaren Shakkikerho"]
[WhiteElo "1744"]
[BlackElo "1839"]

1.e4 d5 2.exd5 Qxd5 3.Nc3 Qd6 4.d4 Nf6 5.h3 a6 6.Bd3 Nc6 7.Nf3 Bd7
8.O-O Nb4 9.Bc4 e6 10.a3 Nbd5 11.Bxd5 Nxd5 12.Nxd5 exd5 13.Re1+ Be7
14.Qe2 h6 15.Ne5 Be6 16.Bf4 Qd8 17.Ng6 Rg8 18.Nxe7 Qxe7 19.c4 O-O-O
20.Rac1 dxc4 21.Rxc4 Rd7 22.d5 Rxd5 23.Rxc7+ Qxc7 24.Bxc7 Kxc7 25.Kh2
Rgd8 26.b4 g6 27.Rc1+ Kb8 28.a4 h5 29.b5 axb5 30.axb5 Rc8 31.Ra1 Rcc5
32.b6 Rb5 33.Qe3 Rd6 34.Ra8+ Kxa8 35.Qa3+ Ra5 36.Qxa5+ Kb8 37.Qa7+ Kc8
38.Qa8+ Kd7 39.Qxb7+ Ke8 40.Qc7 Rd7 41.Qc6 Bd5 42.Qc5 Bb7 43.Kg3 Rd5
44.Qe3+ Kd8 45.Qf4 Rd7 46.f3 Ke7 47.Kh4 Rd5 48.Qc7+ Rd7 49.Qe5+ Kd8
50.Qh8+ Ke7 51.Kg5 Rd5+ 52.Kh6 Rd7 53.Qe5+ Kf8 54.Qb8+ Ke7 55.Kg7 Bd5
56.g4 hxg4 57.fxg4 Rb7 58.Qe5+ Be6 59.h4 Kd7 60.Qd4+ Kc6 61.h5 f5+
62.Kxg6 fxg4 63.h6 Bf7+ 64.Kf6 Bg8 65.Qxg4 Bh7 66.Qe6+ Kb5 67.Qc8 Kxb6
68.Qe6+ Ka7 69.Ke5 Rb5+ 70.Kd4 Rb6 71.Qd7+ Rb7 72.Qa4+ Kb8 73.Kc5 Bc2
74.Qa5 Bh7 75.Kc6 Be4+ 76.Kd6 Bb1 77.Qe5 Ka7 78.Kc6 Rb6+ 79.Kc7 Rxh6
80.Qe3+ 1-0

[Event "Finland Team Cup 2014"]
[Site "Helsinki FIN"]
[Date "2014.05.10"]
[Round "3"]
[White "Salo, Heikki"]
[Black "Kauppala, Pekka"]
[Result "1-0"]
[Board "1"]
[WhiteTeam "Etelä-Vantaan Shakki"]
[BlackTeam "Lauttasaaren Shakkikerho"]
[WhiteElo "2297"]
[BlackElo "2147"]
[WhiteTitle "FM"]

1.d4 g6 2.c4 Bg7 3.e4 d6 4.Nc3 e5 5.Nge2 Nf6 6.d5 O-O 7.Ng3 c6 8.Be2
a6 9.O-O b5 10.a3 bxc4 11.Bxc4 h6 12.h3 c5 13.b4 Nbd7 14.Na4 Rb8
15.Bd2 h5 16.Bd3 c4 17.Bc2 a5 18.bxa5 Ba6 19.Re1 Nc5 20.Nxc5 dxc5
21.Rb1 Ne8 22.Rxb8 Qxb8 23.Qb1 Nd6 24.Be3 Nb5 25.Bxc5 Rc8 26.Qb4 Qc7
27.Bb6 Qd7 28.Ba4 Bf8 29.Qb2 c3 30.Qb3 Bh6 31.Be3 Bxe3 32.fxe3 c2
33.Rc1 Qa7 34.Bxb5 Bxb5 35.Rxc2 Rxc2 36.Qxc2 Qxe3+ 37.Qf2 Qxa3 38.Qe1
Qc5+ 39.Kh2 Bd3 40.Nh1 Kg7 41.Nf2 Ba6 42.Qd2 Kf6 43.Nd1 Qd4 44.Qf2+
Ke7 45.Qxd4 exd4 46.Kg3 Kd6 47.Kf4 Bf1 48.Nb2 f6 49.g4 h4 50.g5 fxg5+
51.Kxg5 Ke5 52.Kxg6 Bg2 53.Nc4+ Kf4 54.Nd2 Ke3 55.d6 Kxd2 56.d7 Bxe4+
57.Kg5 d3 58.d8=Q Ke2 59.Kf4 Bg2 60.Qe7+ Kd1 61.Ke3 1-0

[Event "Finland Team Cup 2014"]
[Site "Helsinki FIN"]
[Date "2014.05.10"]
[Round "3"]
[White "Heikkinen, Jyrki"]
[Black "Koskinen, Henri"]
[Result "0-1"]
[Board "2"]
[WhiteTeam "Lauttasaaren Shakkikerho"]
[BlackTeam "Etelä-Vantaan Shakki"]
[WhiteElo "2056"]
[BlackElo "2246"]
[BlackTitle "FM"]

1.d4 d5 2.e4 e6 3.c4 dxe4 4.Nc3 Bb4 5.Qb3 Nc6 6.Be3 Nf6 7.O-O-O Qe7
8.Be2 b6 9.a3 Bxc3 10.Qxc3 Bb7 11.h4 O-O-O 12.Rh3 h6 13.f3 g6 14.Qc2
Nb8 15.Qa4 a5 16.f4 h5 17.g3 Qd7 18.Qc2 Nc6 19.Qc3 Ng4 20.Bxg4 hxg4
21.Rh1 Ne7 22.Ne2 Nf5 23.Rhe1 Qa4 24.Bg1 Ba6 25.c5 Qc4 26.cxb6 cxb6
27.Qxc4+ Bxc4 28.Nc3 Nxg3 29.Nxe4 Nxe4 30.Rxe4 Bd5 31.Re3 Rxh4 32.b4
a4 33.Rd2 Kb7 34.Kb2 Rh3 35.Rdd3 Rh1 36.Rg3 Bf3 37.Rc3 Rd5 38.Kc2 Rdh5
39.Kd2 f5 40.b5 Bd5 41.Rc1 R5h3 42.Rcc3 Rxg3 43.Rxg3 Bf3 44.Kc3 Bd5
45.Kb4 Bb3 46.Bf2 Rh2 47.Be3 Rc2 0-1